000 01844cam a22004814i 4500
003 PE-LiUPU
005 20250731173451.0
008 150616s1988 paua r 000 0 eng d
020 _a0664240771
035 _a(Sirsi) i9780664240776
040 _aPE-LiUPU
_bspa
_cPE-LiUPU
_erda
049 _aPRUA
082 0 4 _a224.906
_bK56
_221
100 1 _aKing, Philip J.,
_eautor.
245 1 0 _aAmos, Hosea, Micah :
_ban Archaeological Commentary /
_cPhilip J. King.
264 1 _aPhiladelphia, Penn :
_bWP The Westminster Press,
_c1988.
300 _a176 páginas :
_bIlustraciones ;
_c22 centímetros
336 _atext
_2rdacontent
337 _aunmediated
_2rdamedia
338 _avolume
_2rdacarrier
505 0 _aArchaeology and the Eighth-Century Prophets -- Historical and Geographical Setting -- Architecture, Fortifications, and Warfare -- Cult in Israel and Judah -- Agriculture, Plants, and animals -- The Marzeah: Banquets and High Living.
526 _aSEG42
526 _aSEG41
526 _aSEG40
526 _aSEG39
526 _aP94
526 _aP87
526 _aP86
526 _aP85
526 _aP77
526 _aP76
526 _aP35
630 0 4 _aBiblia.
_pA.T.
_pAmós
_xComentarios.
630 0 4 _aBiblia.
_pA.T.
_pMiqueas
_xComentarios.
630 0 4 _aBiblia.
_pA.T.
_pOseas
_xComentarios.
910 _ajck
_bjvq
_cjck
942 _2ddc
_cBOOK
949 _a224.906 K56
_wDEWEY
_c1
_i39833
_d2016-10-28
_e2016-10-26
_lCCODEBUL1
_mBUL
_n5
_r0
_sY
_tBOOK
_u2015-6-16
_xTEOLOGIA
_PP35
_0COMPRA
_o.STAFF. Colección General
994 _aC0
_bPEPRU
596 _a1
999 _a224.906 K56
_wDEWEY
_c57604
_i39833
_d57604
_e2018-4-18
_f2021-11-9
_g5
_lCCODEBUL1
_mBUL
_n7
_p18.75
_q1
_r0
_sY
_tBOOK
_u2015-6-16
_xTEOLOGIA
_PP35
_0COMPRA
_o.STAFF. Colección Teología
980 _81
_gALBERTO SANCHEZ Responsable de Automatización